000 00324nam a2200133Ia 4500
008 260604s9999 xx 000 0 und d
020 _a9789361314568
082 _a330 DEA
100 _aKevin deane
_935894
245 0 _aRecharting the History of Economic Thought
260 _bBloomsbury
500 _aEconomy
942 _cBK
999 _c8733
_d8733